| 000 | 01395cam a2200397 i 4500 | ||
|---|---|---|---|
| 999 |
_c3895 _d3895 |
||
| 001 | 11848380 | ||
| 003 | Nust | ||
| 005 | 20180117090019.0 | ||
| 008 | 160314s2016 enk b 001 0 eng d | ||
| 020 |
_a9781447317364 _qhardback |
||
| 020 |
_a144731736X _qhardback |
||
| 024 | _a60002080125 | ||
| 035 | _a(OCoLC)942699864 | ||
| 035 | _a(OCoLC)ocn942699864 | ||
| 035 | _a(NNC)11848380 | ||
| 040 |
_aNhCcYBP _beng _erda _cNhCcYBP |
||
| 050 | 4 |
_aHN49.C6 _bP65 2016 |
|
| 082 | 0 | 4 |
_a307.1/4 _223 |
| 245 | 0 | 0 |
_aPolitics, power and community development / _cedited by Rosie R. Meade, Mae Shaw and Sarah Banks. |
| 264 | 1 |
_aBristol : _bPolicy Press, _c2016. |
|
| 300 |
_axv, 260 pages ; _c24 cm. |
||
| 336 |
_atext _btxt _2rdacontent |
||
| 337 |
_aunmediated _bn _2rdamedia |
||
| 338 |
_avolume _bnc _2rdacarrier |
||
| 490 | 1 | _aRethinking community development | |
| 504 | _aIncludes bibliographical references and index. | ||
| 650 | 0 |
_aCommunity development _xPolitical aspects. |
|
| 700 | 1 |
_aMeade, Rosie, _eeditor. |
|
| 700 | 1 |
_aShaw, Mae, _eeditor. |
|
| 700 | 1 |
_aBanks, Sarah, _eeditor. |
|
| 830 | 0 | _aRethinking community development. | |
| 942 |
_2ddc _cBK |
||
| 948 | 1 |
_a20160420 _bc _csl13 _dMPS |
|